000 00826nam a22002537a 4500
003 EG-ScBUE
005 20220818115946.0
008 090607s2008 maua f 000 0 eng d
020 _a9781592535040
040 _aEG-ScBUE
_beng
_erda
_cEG-ScBUE
_dEG-ScBUE
082 0 4 _222
_a720.47
_bCHA
100 1 _aChan, Yenna,
_eauthor.
_939170
245 1 0 _aSustainable environments :
_bcontemporary design in detail /
_cYenna Chan.
264 1 _aBeverly, MA :
_bRockport Publishers, Inc.,
_c2008.
300 _a192 pages :
_bchiefly illustrations ;
_c29 cm
336 _2rdacontent
_atext
_btxt
337 _2rdamedia
_aunmediated
_bn
338 _2rdacarrier
_avolume
_bnc
650 7 _95776
_aArchitecture, Modern
_y21st century.
_2BUEsh
651 _2BUEsh
653 _bENGARC
655 _vReading book
_934232
942 _2ddc
_cBB
999 _c11732
_d11732